טוען...

THE ESSENTIAL OILS

מידע ביבליוגרפי
מחבר ראשי: GUENTHER ERNEST
פורמט: Printed Book
יצא לאור: New Delhi D Van Nostrand co.Inc. 1949
מהדורה:2
נושאים:
LEADER 00527nam a2200181 4500
020
082 |a 547.71 GUE 
100 |a GUENTHER ERNEST 
245 |a THE ESSENTIAL OILS  |h ENGLISH 
250 |a 2 
260 |a New Delhi  |b D Van Nostrand co.Inc.  |c 1949 
300 |a 777  |f HB 
500 |a  NO PRICE  
590 |d   
650 |a THE ESSENTIAL OILS 
942 |c BK 
999 |c 120226  |d 120226 
952 |0 0  |1 0  |4 0  |6 547_710000000000000_GUE  |7 0  |9 133689  |a CHE  |b CHE  |l 0  |o 547.71 GUE  |p CHE1534  |r 2019-10-15  |w 2019-10-15  |y BK